Stephen King Around the World Quiz Stats

 Plays Quiz Updated Jan 26, 2017

Score 0/30 Timer 04:00
13 Plays Today
% Correct
11|22|63
95.9%
Christine
95.2%
Cujo
95.1%
Pet Sematary
94.8%
Insomnia
94.6%
The Tommyknockers
94.6%
Hearts in Atlantis
94.4%
Rose Madder
93.8%
The Talisman
92.6%
The Dead Zone
92.2%
Desperation
91.6%
Gerald's Game
91.3%
The Girl Who Loved Tom Gordon
91.2%
The Colorado Kid
90.4%
The Eyes of the Dragon
90.4%
% Correct
Black House
84.9%
The Green Mile
84.8%
The Long Walk
84.4%
Lisey's Story
83.6%
Firestarter
82.5%
The Dark Tower: The Gunslinger
81.6%
It
78.1%
The Shining
70%
The Dark Tower III: The Wastelands
69.7%
From A Buick 8
65.9%
Misery
60.7%
Under The Dome
50.9%
The Stand
47.1%
Cell
47%
Bag of Bones
19.6%

You're not logged in!

Compare scores with friends on all Sporcle quizzes.
OR
Log In

You Might Also Like...

Show Comments

Extras

Top Quizzes Today


Score Distribution

Your Account Isn't Verified!

In order to create a playlist on Sporcle, you need to verify the email address you used during registration. Go to your Sporcle Settings to finish the process.

Report this User

Report this user for behavior that violates our Community Guidelines.

Details: